| 000 | 00844cam a2200253 4500 | ||
|---|---|---|---|
| 008 | 000000n2001 000 0 eng u | ||
| 020 | _a1860815065 | ||
| 035 | _a(Sirsi) u119785 | ||
| 041 | _aeng | ||
| 050 | _a690 | ||
| 100 | _aWard, T. | ||
| 110 | _aBuilding Research Establishment | ||
| 245 | _aAssessing the effects of thermal bridging at junctions and around openings | ||
| 260 |
_aLondon _bCRC Ltd _c2001 |
||
| 300 |
_a6p. _bill. _c30cm. |
||
| 490 |
_aBRE Information Paper _v17/01 |
||
| 520 | _aGives guidance on the effects of thermal bridging at junctions and around openings in the external elements of buildings and how to assess their effect on the overall heat loss. | ||
| 650 | _aTHERMAL BRIDGES | ||
| 650 | _aCONDENSATION | ||
| 650 | _aMOULD | ||
| 650 | _aHEAT LOSS | ||
| 690 | _aBUILT ENVIRONMENT | ||
| 942 | _n0 | ||
| 999 |
_c102392 _d102392 |
||